MDQL
is popping MORE tags! Check the
thread
!
Quizzes
Events
Quiz Creation
Community
Videos
Private Events
Remove Ads
Sign In
Join for FREE
Feedback
Dark Mode
Quiz Categories
Sports
Geography
Music
Movies
Television
Just For Fun
Miscellaneous
History
Literature
Language
Science
Gaming
Entertainment
Religion
Holiday
For Kids
Quiz Lab
Recent
Popular Today
Quiz Kudos Today
Editor Picks
Curator Picks
Quizzes by...
Day
Popularity
Type
Ratings
Length
Year
Community
Subscriptions
Recent Discussions
Orange Saloon
Badges
Playlists
Quests
Create
Leaderboards
Showdown
Live 5
Trivia Bingo
Activity
Puzzle Library
Sporcle Events
Private Events
Virtual Trivia
Globe League
Become a Host
Pub Owners
SporcleCon
Opinionation
Our Games
Videos
Blog
Mobile Apps
Partnerships
Remove Ads and Go Orange
Feedback
Sports
Athletes
MLB
NBA
NHL
NFL
Soccer
Sports Teams
WWE
NCAA
Football
Premier League
Basketball
Baseball
Hockey
Golf
Tennis
Cricket
Rugby
Auto Racing
Olympics
World Cup
Sports
Athletes
MLB
NBA
NHL
NFL
Soccer
Sports Teams
WWE
NCAA
Football
Premier League
Basketball
Baseball
Hockey
Golf
Tennis
Cricket
Rugby
Auto Racing
Olympics
World Cup
Random Quiz
Search Sporcle
×
Quiz Lab
Quiz Lab
Sports
NBA
Type in answers that appear in a list
Type in answers that appear in a list
Classic
Best Score? Go Orange.
NBA Triple Doubles Since 99/00 Stats
Can you name the NBA Triple Doubles Since 99/00?
By
ponder4heisman
12m
99 Questions
2,743 Plays
2,743 Plays
2,743 Plays
Comments
Comments
Give Quiz Kudos
Give Quiz Kudos
-
- Ratings
hide this ad
More Info
Replay
Link that replays current quiz
Next Quiz
Link to next quiz in quiz playlist
You Got
0%
They Got
Avg Score
42%
Avg Friend Score
Upgrade to see
Score Distribution
Jump to the score distribution portion of the page
Score
0/99
Timer
12:00
0
Plays Today
teams
player
% Correct
CLE
LeBron James
97.5%
LAL
Kobe Bryant
95.6%
PHX/
NJ/
DAL
Jason Kidd
93.4%
MIN
Kevin Garnett
91.8%
NO
Chris Paul
81.8%
DAL/
PHX
Steve Nash
80.7%
SAC
Chris Webber
78.4%
BOS
Paul Pierce
75.8%
TOR/
NJ
Vince Carter
74.2%
MIA
Shaquille O'Neal
73.9%
IND
Jermaine O'Neal
73.7%
ORL/
HOU
Tracy McGrady
72.5%
CHH/
NO/
GS/
LAC
Baron Davis
71.5%
PHI
Allen Iverson
71.4%
MIL/
SEA
Ray Allen
70.9%
DAL
Dirk Nowitzki
70.5%
BOS
Rajon Rondo
68.3%
MIA
Dwyane Wade
67.8%
WAS
Gilbert Arenas
65.7%
ATL
Joe Johnson
65.4%
TOR
Alvin Williams
65%
MIL
Mo Williams
65%
CHI
Jay Williams
64.9%
MEM/
LAL
Pau Gasol
64.7%
ORL
Dwight Howard
64.5%
LAC/
MIA/
LAL
Lamar Odom
63.9%
SA
Tim Duncan
62.6%
OKC
Russell Westbrook
62.4%
SEA/
LAL
Gary Payton
61.2%
ATL
Josh Smith
59.2%
CLE/
LAC/
DEN/
PHI
Andre Miller
58.9%
SAC
Brad Miller
58.9%
MEM
Mike Miller
58.9%
teams
player
% Correct
DEN
Carmelo Anthony
58.7%
VAN/
SAC
Mike Bibby
57%
DET
Ben Wallace
56.7%
MIN/
DET
Chauncey Billups
56.4%
BOS/
DAL
Antoine Walker
54.3%
CHI
Jalen Rose
53.2%
LAC
Elton Brand
51.9%
PHI
Andre Iguodala
51.8%
POR
Brandon Roy
49.5%
IND/
TOR/
NY
Mark Jackson
49.3%
MIN
Bobby Jackson
49.2%
GS
Stephen Jackson
49.2%
NJ
Richard Jefferson
48.8%
LAL
Karl Malone
48.2%
ATL
Jason Terry
48.2%
HOU/
ORL
Steve Francis
48.1%
WAS
Caron Butler
48%
NJ
Kenyon Martin
47.3%
GS
Stephen Curry
45.3%
NJ
Stephon Marbury
44.6%
UTH
Carlos Boozer
44.5%
UTH
Andrei Kirilenko
41.8%
NJ
Terrence Williams
41.2%
DAL
Michael Finley
39.5%
SAC
Vlade Divac
38.6%
ATL/
PHI
Dikembe Mutombo
37.6%
MIL/
MIN
Sam Cassell
37.5%
POR
Damon Stoudamire
34.2%
DEN
Marcus Camby
33.5%
ORL
Hedo Turkoglu
31.5%
NY
Latrell Sprewell
31.2%
DET
Jerry Stackhouse
29.1%
SAC
Kenny Thomas
27.2%
teams
player
% Correct
CHI
Kirk Hinrich
27%
CHH/
NO
Jamal Mashburn
26.5%
PHX
Penny Hardaway
25.9%
PHX
Boris Diaw
25.1%
LAC
Derek Anderson
24.1%
PHI
Eric Snow
20.3%
NY
David Lee
19.9%
MIL
Charlie Bell
19.3%
IND
Jamaal Tinsley
18.7%
WAS
Larry Hughes
18.4%
SAC
Tyreke Evans
18.3%
PHI
Aaron McKie
13.8%
MIN
Terrell Brandon
13.3%
CHH
Anthony Mason
12%
NO
Darren Collison
11.1%
DEN
Rodney White
10.5%
NJ
Rafer Alston
10.2%
SAC
John Salmons
9.2%
CHI
Chris Duhon
8.9%
HOU
Trevor Ariza
7.9%
MIL
Ramon Sessions
7.5%
DEN
James Posey
7.4%
GS
Mookie Blaylock
6.2%
PHI/
ATL
Toni Kukoc
6.1%
TOR
Charles Oakley
5.8%
SEA
Earl Watson
5.5%
LAC
Steve Blake
4.9%
ORL
Bo Outlaw
4.7%
ATL
Bob Sura
4.4%
SAC
Beno Udrih
4%
BOS
Ryan Gomes
3.1%
LAC
Jeff McInnis
2.4%
DEN
Robert Pack
0.7%
Quiz Playlist
Details
Report
Send in Message
Add To Playlist
More Info:
Only teams which player recorded triple double for are listed.
Classic:
Type in answers that appear in a list
Quiz Source
Last Updated: Oct 9, 2018
Quiz Scoreboard
CHALLENGE
Sign Up to Join the Scoreboard
Show All
Scores
Hide
Comments
May contain spoilers
Recently Published
Holiday 10x10 Sorting Gallery
by lukepisani3
Holiday
15m
Two Season TV Shows II
by 123Four
Television
10m
Image Sorting: Flags VI
by Barbecue
Geography
2m
More to Explore
Quiz From the Vault
Featured Blog Post
14 Easter Pick-up Lines to Find Eggs With
hide this ad
You Might Also Like...
Tags
Basketball Quiz
NBA Quiz
99-00
double
Doubles Since
Player
team
triple
Today's Top Quizzes in Sports
Browse Sports
hide this ad
Today's Top Quizzes in NBA
Browse NBA
Top Contributed Quizzes in Sports
1
Les meilleurs buteurs des matchs entre le PSG et l’OM
2
Les entraîneurs de l'OM et du PSG au 21e siècle
3
2022 World Cup Stars
4
Les joueurs passés par le PSG et l'OM
5
Players with Multiple 50 Home Run Seasons
6
FIFA Club World Cup Champions
7
Criteria MLB: Left Handed Sluggers
8
Les joueurs passés par le LOSC et le RC Lens
9
Top 10 NHL Goal Scorers of All Time
10
NBA Logic Puzzle 2.0
Explore More
Trending Topics
Disney
Kpop
Anime
Harry Potter
NBA
Marvel
Crossword
WWE
Soccer
Pokémon
Song
Country
The Office
NFL
Puzzle
hide this ad
More By:
ponder4heisman
Quiz
Plays
Rating
Category
Featured
Created
Active NBA Top 50 Points
6,233
3.89
Sports
Oct 25, 2010
NBA 15+ Assist games since 99/00
5,826
4.50
Sports
Feb 17, 2010
NBA 20+ Reb Games since 1999/00
4,096
4.23
Sports
Feb 16, 2010
NBA Triple Doubles Since 99/00
2,743
4.25
Sports
Feb 18, 2010
NBA Active 3PM Leaders
501
4.33
Sports
Dec 26, 2010
Go to Creator's Profile
Score Distribution
Quiz Creator Spotlight
ponder4heisman
Follow
Send a Message
Quizzes Created
-
Created Quiz Play Count
-
More By This Creator
Popular Quizzes Today
1
Find the US States - No Outlines Minefield
2
Colored Red Africa Blitz
3
Find the 'City' Movie
4
The Countries of the World
5
5x2 Blitz: Bands
6
Find the Countries of Europe - No Outlines Minefield
7
Find the US States
8
US States
More Sports Quizzes
2011-12 NBA Daily Points Leaders
Editor's Pick
Trending Quizzes
Colored Red Europe Blitz I
Colored Red Africa Blitz II
Colored Red Europe Blitz II
Even More Two Season TV Shows
Colored Red Africa Blitz III
Recently Updated
Odd Team Out - Big 4 Players
pecheneg
Quick Pick: 20 Twenties
pecheneg
March Madness Men's Triple Doubles
pecheneg
How Do You Spell That?
pecheneg
Godzilla Movies
pecheneg
Grab Bag: 4-10 Letters
pecheneg
2024 March Madness Bracket
pecheneg
Famous TV Couples
Peacemaker
Champions League XIs: Real Madrid
pecheneg
Largest US Cities 1790-2010
pecheneg
Trending Topics
Disney
Kpop
Anime
Marvel
Crossword
NBA
Harry Potter
Puzzle
NFL
Soccer
Country
The Office
WWE
Song
Pokémon
Your Account Isn't Verified!
In order to create a playlist on Sporcle, you need to verify the email address you used during registration. Go to your
Sporcle Settings
to finish the process.
Report this User
Report this user for behavior that violates our
Community Guidelines
.
Details:
Send Report
Go to the Sporcle.com Mobile Site →
Comments